| Поле | Инд. | ПП | Название | Значение |
|---|---|---|---|---|
| Тип записи | a | |||
| Библиографический уровень | m | |||
| 001 | Контрольный номер | RU/IS/BASE/408096478 | ||
| 005 | Дата корректировки | 20150513113622.3 | ||
| 020 | a | ISBN | 978-5-468-00253-7 | |
| 040 | a | Служба первич. каталог. | НБ ТвГУ | |
| b | Код языка каталог. | rus | ||
| e | Правила каталог. | PSBO | ||
| 041 | 0_ | a | Код языка текста | rus |
| 080 | a | Индекс УДК | 343.95(075.8) | |
| 084 | a | Индекс другой классификации/Индекс ББК | Ю957.3я73-1 | |
| 090 | a | Полочн. индекс | Ю957.3 | |
| x | Авторский знак | Е 63 | ||
| 100 | 1_ | a | Автор | Еникеев Марат Исхакович |
| c | Титул (звания) | д.психол.н., проф. | ||
| q | Полное имя | Еникеев М. И. | ||
| 245 | 10 | a | Заглавие | Основы юридической психологии |
| b | Продолж. заглавия | учебник | ||
| 260 | a | Место издания | Москва | |
| b | Издательство | НОРМА | ||
| c | Дата издания | 2009 | ||
| 300 | a | Объем | 447 с. | |
| b | Иллюстрации/ тип воспроизводства | ил., портр. | ||
| 504 | a | Библиография | Библиогр.: с. 430-447 | |
| 520 | a | Аннотация | Учебник полностью соответствует государственному образовательному стандарту по дисциплине "Юридическая психология". | |
| В | учебнике подробно изложены основы юридической психологии; раскрыты основные понятия правовой, криминальной и судебной психологии, психологические особенности преступников различных категорий, психология познавательно-поисковой деятельности следователя, проблемы установления психологического контакта с участниками уголовного и гражданского судопроизводства. | |||
| Д | ля студентов, преподавателей юридических вузов, работников правоохранительной системы, а также для тех, кто интересуется проблемами прикладной психологии. | |||
| 653 | a | Ключевые слова | Исправительная психология | |
| a | Ключевые слова | Криминальная психология | ||
| a | Ключевые слова | Правовая психология | ||
| a | Ключевые слова | Психология | ||
| a | Ключевые слова | Психология предварительного следствия | ||
| a | Ключевые слова | Психология судебной деятельности | ||
| a | Ключевые слова | Судебная психология | ||
| a | Ключевые слова | Учебники для вузов | ||
| a | Ключевые слова | Юридическая психология | ||
| 856 | u | URL | http://texts.lib.tversu.ru/texts/1000738ogl.pdf | |
| 901 | t | Тип документа | m | |
| 920 | a | Оператор | Густ | |
| 930 | a | Новая/Ретро | учебники | |
| 952 | c | Вид литературы | К ру | |
| 954 | a | Дата поступления на обработку | 20121210 |